000
00184 a2200097 4500
020
_a
006211611
041
_a
eng
100
_a
Allende, Isabel
245
_a
Portrait in sepia
942
_c
BK
999
_c
5646
_d
5646